Theatre: a history of the art
Gespeichert in:
| 1. Verfasser: | |
|---|---|
| Format: | Buch |
| Sprache: | Englisch |
| Veröffentlicht: |
Nueva York
West
1978
|
| Schlagworte: | |
| Tags: |
Tag hinzufügen
Keine Tags, Fügen Sie den ersten Tag hinzu!
|
MARC
| LEADER | 00000nam a2200000 a 4500 | ||
|---|---|---|---|
| 001 | UCU4948 | ||
| 003 | CL-VaPUC | ||
| 008 | 960531e19780000US |||||||||||||||||eng|d | ||
| 082 | 0 | 4 | |a 792.09 |b PIC |2 21 |
| 100 | 0 | |a Pickering, Jerry V |e author |9 362728 | |
| 245 | 1 | 0 | |a Theatre: a history of the art |
| 300 | |a 740 p | ||
| 942 | |c BK | ||
| 945 | |d 19960531 00:00:00 |a rleighto | ||
| 260 | |a Nueva York |b West |c 1978 | ||
| 650 | 0 | |a Teatro |9 265385 | |
| 650 | 0 | |a Historia |9 255047 | |
| 650 | 7 | |a TEATRO GRIEGO |2 CL-VaPUC |9 362729 | |
| 650 | 7 | |a TEATRO ROMANO |2 CL-VaPUC |9 362573 | |
| 650 | 0 | |a Teatro medieval |9 362730 | |
| 650 | 0 | |a Teatro inglés |9 265744 | |
| 650 | 0 | |a Teatro francés |9 265089 | |
| 583 | |a last modification |c 19960531 00:00:00 |k Rodrigo Vera | ||
| 999 | |c 248472 |d 248470 | ||
| 952 | |0 0 |1 0 |4 0 |6 792_090000000000000_PIC_1978 |7 0 |8 A |9 265097 |a BIBEDU |b BIBEDU |d 2019-11-19 |i 3205304 |o 792.09 PIC 1978 |p 3205304 |r 2019-11-19 |w 2019-11-19 |y BK |k LIT | ||